| 000 | 00933 a2200217 4500 | ||
|---|---|---|---|
| 003 | Nust | ||
| 005 | 20220812145416.0 | ||
| 010 | _a 95034468 | ||
| 020 | _a0132326388 | ||
| 035 | _a(DLC) 95034468 | ||
| 040 | _cNust | ||
| 082 | 0 | 0 | _a621.38102855,TUM |
| 100 | 1 |
_aTumilty, Thomas, _997019 |
|
| 245 | 1 | 0 |
_aAutoCad for electronics : _ba tutorial / _cThomas Tumilty. |
| 250 | _a2nd ed. | ||
| 260 |
_aEnglewood Cliffs, N.J. : _bPrentice Hall, _cc1996. |
||
| 300 |
_axxxiv, 412 p. : _bill. ; _c28 cm. + _e1 computer disk (3 1/2 in.) |
||
| 505 | _aIntroduction (Page-1), Getting to know the Computer Environment (Page-17), Getting Auto CAD up and Running (Page-47), The Schematic (Page-103), The Printed Circuit Board (Page-153),Main Assembly Drawing and Front Panel (Page-213), Using the Printer and Plotter (Page-243), Summary of Auto CAD Commands (Page-267). | ||
| 650 | 0 | _aTelecommunication Engineering. | |
| 942 |
_cREF _2ddc |
||
| 999 |
_c175560 _d175560 |
||